[Event "AUTO-MASTER-2457"]
[Site "http://www.queenalice.com/game.php?id=1441947"]
[Date "2016.9.18"]
[Round "2"]
[White "Angelo"]
[Black "ravenga"]
[Result "0-1"]
[WhiteElo "2312"]
[BlackElo "2301"]

1. c4 e5 2. g3 Nc6 3. Bg2 d6 4. d3 g6 5. Nf3 Bg7 6. O-O Nge7 7. Nc3 O-O 8. Rb1
f5 9. Bd2 Nd4 10. b4 c6 11. a4 Kh8 12. b5 Nxf3+ 13. Bxf3 d5 14. Qb3 e4 15. dxe4
dxe4 16. Bg2 Qxd2 17. Nd1 Qxe2 18. Ne3 f4 19. Rfe1 Qh5 20. gxf4 Rxf4 21. Rbd1
Bh3 22. Nf1 Bxg2 23. Kxg2 Nf5 24. Ng3 Qg4 25. bxc6 Nh4+ 26. Kh1 Qh3 27. Rg1 Rxf2
0-1

[Event "AUTO-MASTER-2457"]
[Site "http://www.queenalice.com/game.php?id=1441948"]
[Date "2016.9.18"]
[Round "2"]
[White "ravenga"]
[Black "Angelo"]
[Result "1-0"]
[WhiteElo "2330"]
[BlackElo "2281"]

1. e4 c5 2. Nf3 d6 3. d4 cxd4 4. Nxd4 a6 5. Nc3 Nc6 6. Be3 g6 7. Qd2 Bg7 8. Be2
Nf6 9. f3 Bd7 10. O-O O-O 11. Rad1 Rc8 12. f4 b5 13. Bf3 Ng4 14. Nxc6 Bxc3 15.
Nxd8 Bxd2 16. Bxd2 Rfxd8 17. c3 e5 18. h3 Nf6 19. fxe5 dxe5 20. Bg5 Kg7 21. Bg4
Nxg4 22. Bxd8 Ne3 23. Bf6+ Kf8 24. Rxd7 Nxf1 25. Kxf1 Re8 26. Ke2 h6 27. Kd3 Re6
28. Rd8+ Re8 29. Rxe8+ Kxe8 30. Bxe5 Kd7 31. c4 bxc4+ 32. Kxc4 Kc6 33. b4 h5 34.
a4 f5 35. b5+ axb5+ 36. axb5+ 1-0

[Event "AUTO-MASTER-2469"]
[Site "http://www.queenalice.com/game.php?id=1445051"]
[Date "2016.10.10"]
[Round "2"]
[White "Angelo"]
[Black "Eduardomoreto67"]
[Result "1-0"]
[WhiteElo "2299"]
[BlackElo "2230"]

1. c4 Nf6 2. g3 g6 3. Bg2 Bg7 4. Nf3 O-O 5. O-O c5 6. d3 Nc6 7. Nc3 d5 8. Bf4
dxc4 9. dxc4 Qxd1 10. Rfxd1 Be6 11. Ne5 Nxe5 12. Bxe5 Bxc4 13. Bxb7 Rad8 14. b3
Be6 15. Nb5 c4 16. Nc7 Ng4 17. Bxg7 Kxg7 18. Nxe6+ fxe6 19. bxc4 Nxf2 20. Rxd8
1-0

[Event "AUTO-MASTER-2469"]
[Site "http://www.queenalice.com/game.php?id=1445052"]
[Date "2016.10.10"]
[Round "2"]
[White "Eduardomoreto67"]
[Black "Angelo"]
[Result "1-0"]
[WhiteElo "2199"]
[BlackElo "2270"]

1. d4 d5 2. c4 e6 3. Nc3 Nf6 4. Bg5 Be7 5. Nf3 Nbd7 6. cxd5 exd5 7. g3 O-O 8.
Bg2 c6 9. O-O Re8 10. Rc1 h6 11. Bxf6 Nxf6 12. a3 Bf5 13. Qb3 Qc7 14. Ne5 Qb6
15. Qa2 Qxd4 16. Nf3 Qb6 17. b4 Bd6 18. Rfd1 Rad8 19. e3 Ng4 20. Nd4 Bg6 21. Na4
Qa6 22. Nc5 Qb6 23. Na4 Qa6 24. Nc5 Bxc5 25. Rxc5 Qb6 26. Rdc1 Ne5 27. R5c3 a6
28. Qb3 Nc4 29. a4 Rd6 30. a5 Qd8 31. Qa2 Qe7 32. Bh3 Qe4 33. Bg2 Qg4 34. h3 Qd7
35. Kh2 Be4 36. f3 Bg6 37. Qf2 Qe7 38. e4 Rd7 39. exd5 cxd5 40. Rb3 Nd6 41. Bf1
Qd8 42. Rc5 Nc8 43. Rbc3 Na7 44. b5 axb5 45. Nxb5 d4 46. Rc1 Nc6 47. a6 1-0

[Event "AUTO-MASTER-2469"]
[Site "http://www.queenalice.com/game.php?id=1445053"]
[Date "2016.10.10"]
[Round "2"]
[White "Angelo"]
[Black "Rutty"]
[Result "1-0"]
[WhiteElo "2299"]
[BlackElo "2107"]

1. c4 c5 2. g3 Nc6 3. Bg2 g6 4. Nf3 Bg7 5. O-O Nf6 6. d3 O-O 7. Nc3 e6 8. Rb1 d5
9. Bf4 a6 10. a3 d4 11. Na4 Qe7 12. Nb6 e5 13. Nxa8 exf4 14. Nb6 fxg3 15. fxg3
Ng4 16. Nd5 Qd6 17. Ng5 h6 18. Ne4 Qe5 19. Qe1 f5 20. Nd2 Be6 21. Nf3 Qd6 22.
Nh4 Kh7 23. b4 cxb4 24. axb4 g5 25. Nf3 Bxd5 26. cxd5 Nce5 27. Qd2 Ne3 28. Rfc1
Nxg2 29. Kxg2 Qxd5 30. Rc5 Nxf3 31. exf3 Qd6 32. Rbc1 Rf7 33. Qa2 Qe7 34. b5
axb5 35. Rxb5 Rf6 36. Rcb1 Ra6 37. Qc2 Rc6 38. Qd2 Rc7 39. Rxf5 Qd7 40. Rfb5 Qc6
41. Rb6 Qa4 42. R1b2 Qd7 43. Qe2 1-0

[Event "AUTO-MASTER-2469"]
[Site "http://www.queenalice.com/game.php?id=1445054"]
[Date "2016.10.10"]
[Round "2"]
[White "Rutty"]
[Black "Angelo"]
[Result "0-1"]
[WhiteElo "2140"]
[BlackElo "2306"]

1. d4 d5 2. Nf3 g6 3. c4 Nf6 4. e3 e6 5. Bd3 Bg7 6. O-O O-O 7. Nc3 b6 8. b3 Bb7
9. Bb2 Re8 10. Ne5 Nbd7 11. f4 dxc4 12. bxc4 a6 13. e4 Nxe5 14. fxe5 Qxd4+ 15.
Kh1 Ng4 16. Qf3 Nxe5 0-1

[Event "AUTO-MASTER-2469"]
[Site "http://www.queenalice.com/game.php?id=1445055"]
[Date "2016.10.10"]
[Round "2"]
[White "Angelo"]
[Black "Rachman"]
[Result "0-1"]
[WhiteElo "2331"]
[BlackElo "2361"]

1. e4 e6 2. d4 d5 3. e5 c5 4. c3 Qb6 5. Nf3 Nc6 6. a3 Nh6 7. b4 cxd4 8. Bxh6
gxh6 9. cxd4 Bd7 10. Be2 Rc8 11. Nbd2 Nxd4 12. Nxd4 Qxd4 13. Nf3 Qc3+ 14. Nd2
Bg7 15. O-O Bxe5 16. Nf3 Qxa1 17. Qxa1 Bxa1 18. Rxa1 f6 19. Nd4 Kf7 20. Re1 e5
21. Nb5 Bxb5 22. Bxb5 Rc3 0-1

[Event "AUTO-MASTER-2469"]
[Site "http://www.queenalice.com/game.php?id=1445056"]
[Date "2016.10.10"]
[Round "2"]
[White "Rachman"]
[Black "Angelo"]
[Result "0-1"]
[WhiteElo "2353"]
[BlackElo "2305"]

1. c4 g6 2. g3 Bg7 3. Bg2 Nf6 4. Nf3 O-O 5. Nc3 d6 6. d4 Nc6 7. e4 Bg4 8. h3
Bxf3 9. Bxf3 Nd7 10. Be3 e5 11. d5 Nd4 12. Bg2 c5 13. dxc6 bxc6 14. O-O Qa5 15.
Ne2 c5 16. Nc3 Rab8 17. Qd2 Qb4 18. b3 Qxc3 0-1

[Event "AUTO-MASTER-2479"]
[Site "http://www.queenalice.com/game.php?id=1453344"]
[Date "2016.12.4"]
[Round "2"]
[White "Adrianovlg"]
[Black "Angelo"]
[Result "0-1"]
[WhiteElo "2145"]
[BlackElo "2291"]

1. e4 e5 2. Nc3 Nf6 3. f4 d5 4. fxe5 Nxe4 5. Nf3 Be7 6. Qe2 Nxc3 7. bxc3 O-O 8.
d4 Bg4 9. Qd3 Nd7 10. Be2 a6 11. O-O Nb6 12. Ng5 Bxg5 13. Bxg4 Nc4 0-1

[Event "AUTO-MASTER-2479"]
[Site "http://www.queenalice.com/game.php?id=1453346"]
[Date "2016.12.4"]
[Round "2"]
[White "capaputi"]
[Black "Angelo"]
[Result "1-0"]
[WhiteElo "2202"]
[BlackElo "2184"]

1. e4 c5 2. Nf3 d6 3. d4 cxd4 4. Nxd4 a6 5. c4 e6 6. Nc3 Nf6 7. Be3 Be7 8. Be2
Bd7 9. Rc1 Nc6 10. O-O O-O 11. f4 Rc8 12. b3 Qc7 13. Bf3 Rfd8 14. Qd2 Nxd4 15.
Bxd4 Bc6 16. Qf2 Nd7 17. b4 b5 18. cxb5 axb5 19. Nxb5 Qb7 20. Na7 e5 21. Nxc8
Rxc8 22. Bc3 f6 23. a3 Nb6 24. Bd2 Ra8 25. Rc3 Bd8 26. Qe1 Na4 27. Rc2 Bb5 28.
Rf2 Bd3 29. Ra2 Rc8 30. Be3 Bxe4 31. Rac2 Rxc2 32. Rxc2 Nb6 33. fxe5 fxe5 34.
Bxe4 Qxe4 35. Re2 Qc4 36. Bc1 Nd7 37. a4 d5 38. a5 d4 39. Bd2 Bc7 40. Rf2 Bd6
41. Qe4 h6 42. Qg6 Qc7 43. Rf7 Nf8 44. Qxg7# 1-0

[Event "AUTO-MASTER-2479"]
[Site "http://www.queenalice.com/game.php?id=1453347"]
[Date "2016.12.4"]
[Round "2"]
[White "Angelo"]
[Black "capaputi"]
[Result "0-1"]
[WhiteElo "2173"]
[BlackElo "2204"]

1. c4 e5 2. Nc3 Nf6 3. g3 c6 4. Bg2 Be7 5. d3 O-O 6. Nf3 d6 7. O-O Na6 8. Bd2
Nc7 9. a3 Ne6 10. b4 Qc7 11. Rb1 Rd8 12. a4 d5 13. cxd5 cxd5 14. Nb5 Qb8 15. Qb3
a6 16. Na3 Bd7 17. Rfc1 Qd6 18. Nc2 b5 19. a5 Bc6 20. Ne3 g6 21. Qb2 d4 22. Nd1
Rac8 23. Ne1 Bxg2 24. Kxg2 Rc6 25. Rxc6 Qxc6+ 26. Kg1 Nd5 27. e4 dxe3 28. Nxe3
Nd4 29. Nxd5 Qxd5 30. Bc3 Rc8 31. Bd2 Bf8 32. Be3 Nf5 33. Bb6 h5 34. Qe2 Rc3 35.
Qd2 Rb3 36. Rxb3 Qxb3 37. Nc2 Nd4 38. Nxd4 exd4 39. Bxd4 Qxb4 40. Qe3 Qd6 41.
Be5 Qe6 42. Bb2 Qxe3 43. fxe3 Bb4 44. Kf2 Bxa5 45. Ke2 Kf8 46. d4 Ke7 47. Kd3
Ke6 48. e4 f5 49. e5 Kd5 50. Bc1 Bb6 51. Be3 Bd8 52. Kc3 a5 53. h4 Be7 54. Kb2
a4 55. Kc2 b4 56. Kb2 b3 0-1

[Event "AUTO-ELITE-1724"]
[Site "http://www.queenalice.com/game.php?id=1466400"]
[Date "2017.2.25"]
[Round "2"]
[White "Angelo"]
[Black "FabioDavid"]
[Result "0-1"]
[WhiteElo "2218"]
[BlackElo "2496"]

1. d4 Nf6 2. c4 e6 3. Bg5 Bb4+ 4. Nd2 h6 5. Bxf6 Qxf6 6. e3 c5 7. Nf3 Nc6 8. d5
exd5 9. cxd5 Ne5 10. Nxe5 Qxe5 11. Qb3 Bxd2+ 12. Kxd2 O-O 13. Bd3 b5 14. Qxb5
Rb8 15. Qxc5 Rxb2+ 16. Bc2 d6 17. Qd4 Bf5 0-1

[Event "AUTO-ELITE-1724"]
[Site "http://www.queenalice.com/game.php?id=1466401"]
[Date "2017.2.25"]
[Round "2"]
[White "FabioDavid"]
[Black "Angelo"]
[Result "1/2-1/2"]
[WhiteElo "2530"]
[BlackElo "2166"]

1. b3 e5 2. Bb2 Nc6 3. e3 Nf6 4. Bb5 Bd6 5. Na3 O-O 6. Nc4 Re8 7. Nf3 Bc5 8.
Ncxe5 Nxe5 9. Nxe5 c6 10. Be2 d6 11. Nf3 Qc7 12. Bxf6 gxf6 13. O-O Kh8 14. c3
Bf5 15. d4 Bb6 16. Bd3 Bg6 17. Nh4 Bxd3 18. Qxd3 Rg8 19. e4 Rae8 20. Qf3 Qd8 21.
Rae1 Bc7 22. g3 a6 23. Nf5 Rg6 24. h4 Qd7 25. Re3 b5 26. Rd1 Ba5 27. h5 Rg5 28.
h6 Bd8 29. d5 c5 30. Re2 a5 31. Ra1 Reg8 32. a4 b4 33. cxb4 axb4 34. a5 Be7 35.
a6 Ra8 36. Rea2 Ra7 37. Qd3 Bd8 38. Qe3 Kg8 39. Rc1 Kf8 40. Qd3 Bc7 1/2-1/2

[Event "AUTO-MASTER-2486"]
[Site "http://www.queenalice.com/game.php?id=1468569"]
[Date "2017.3.12"]
[Round "2"]
[White "Angelo"]
[Black "CCapivara"]
[Result "0-1"]
[WhiteElo "2214"]
[BlackElo "2139"]

1. e4 d6 2. Bc4 Nf6 3. Nc3 c6 4. Nf3 d5 5. exd5 cxd5 6. Bb5+ Nc6 7. Ne5 Bd7 8.
Nxd7 Qxd7 9. O-O e6 10. d3 Bd6 11. Re1 O-O 12. Be3 Qc7 13. g3 d4 14. Bxc6 dxe3
15. Bg2 exf2+ 16. Kxf2 Qb6+ 17. Kf1 h5 18. Rb1 Ng4 19. d4 Nxh2+ 0-1

[Event "AUTO-MASTER-2486"]
[Site "http://www.queenalice.com/game.php?id=1468570"]
[Date "2017.3.12"]
[Round "2"]
[White "CCapivara"]
[Black "Angelo"]
[Result "1-0"]
[WhiteElo "2254"]
[BlackElo "2146"]

1. e4 e5 2. Nf3 Nc6 3. Bb5 a6 4. Ba4 b5 5. Bb3 Bc5 6. O-O Nf6 7. Nxe5 Nxe5 8. d4
Nxe4 9. dxc5 O-O 10. Qd5 Nc6 11. Qxe4 Qf6 12. Nc3 Bb7 13. Nd5 Qd8 14. c3 d6 15.
cxd6 cxd6 16. Bf4 Re8 17. Qf5 Ne5 18. Rad1 Re6 19. Bg5 Nf3+ 20. Qxf3 Qxg5 21.
Rd4 Rb8 22. Rg4 Qh6 23. Qg3 Re5 24. Ne3 Rf8 25. f4 Rh5 26. f5 Re8 27. Nd5 Bxd5
28. Bxd5 Re5 29. f6 g6 30. Bb3 Qf8 31. h3 d5 32. Rd1 1-0

[Event "AUTO-MASTER-2509"]
[Site "http://www.queenalice.com/game.php?id=1468937"]
[Date "2017.3.15"]
[Round "2"]
[White "rmvwoods"]
[Black "Angelo"]
[Result "0-1"]
[WhiteElo "2106"]
[BlackElo "2137"]

1. d4 e6 2. e4 d5 3. Nc3 Be7 4. e5 c5 5. Bb5+ Nc6 6. Nf3 Bd7 7. Bxc6 bxc6 8. O-O
cxd4 9. Qxd4 c5 10. Qg4 g6 11. Re1 h5 12. Qf4 Nh6 13. Qd2 Nf5 14. b3 O-O 15. Bb2
Qc7 16. Ne2 Kg7 17. Rad1 h4 18. Ng5 Rh8 19. Qf4 Qa5 20. Bc3 Qxa2 21. Rxd5 exd5
22. e6+ d4 23. Nxd4 cxd4 24. Bxd4+ f6 25. exd7 Qa6 26. Ne6+ Kf7 27. Qc7 Rad8 28.
Nxd8+ Bxd8 29. Qc8 Qd6 30. Bxa7 h3 31. g3 Kg7 32. Kf1 Qd5 33. Bb8 Nd4 0-1

[Event "AUTO-MASTER-2509"]
[Site "http://www.queenalice.com/game.php?id=1468938"]
[Date "2017.3.15"]
[Round "2"]
[White "Angelo"]
[Black "rmvwoods"]
[Result "1-0"]
[WhiteElo "2148"]
[BlackElo "2113"]

1. d4 d5 2. c4 c5 3. Nc3 dxc4 4. d5 e6 5. Qa4+ Bd7 6. Qxc4 Nf6 7. Nf3 b5 8. Qb3
c4 9. Qd1 b4 10. dxe6 bxc3 11. exd7+ Nbxd7 12. bxc3 Qa5 13. Bb2 Ba3 14. Bxa3
Qxa3 15. Qc2 O-O 16. Nd2 Nd5 17. Nxc4 Qxc3+ 18. Qxc3 Nxc3 19. e3 Nc5 20. g3 Rac8
21. Nd6 Rcd8 22. Nb5 Nxb5 23. Bxb5 Rb8 24. Bc4 Rb2 25. O-O Ne4 26. Rab1 Rfb8 27.
Rxb2 Rxb2 28. Rd1 Nd2 29. Bd5 g6 30. Rc1 Rb1 31. Rxb1 Nxb1 32. f3 Nc3 33. Bc4 a5
34. Kf2 Kg7 35. e4 Kf6 36. Ke3 Ke7 37. Kd4 Na4 38. Bb5 Nb6 39. Kc5 Nc8 40. Ba6
Nd6 41. a4 Ke6 42. Kb6 f5 43. exf5+ Kxf5 44. Kxa5 g5 45. Bd3+ 1-0

[Event "AUTO-MASTER-2509"]
[Site "http://www.queenalice.com/game.php?id=1468941"]
[Date "2017.3.15"]
[Round "2"]
[White "sia"]
[Black "Angelo"]
[Result "0-1"]
[WhiteElo "1994"]
[BlackElo "2159"]

1. e4 e5 2. d3 Nc6 3. Nf3 Bc5 4. Be2 Nf6 5. Bg5 d6 6. O-O O-O 7. Nc3 Be6 8. a3
a6 9. b4 Ba7 10. Na4 h6 11. Be3 Bxe3 12. fxe3 Ne7 13. c4 Ng6 14. Nc3 Re8 15. Nd5
Ng4 16. h3 Bxd5 17. cxd5 Nxe3 18. Qd2 Nxf1 19. Kxf1 Qf6 20. Qc3 Rac8 21. Kg1 Nf4
22. Bf1 Qg6 23. Kh2 Nh5 24. g4 Nf4 25. Nh4 Qg5 26. Nf5 h5 27. gxh5 Nxd5 28. Qe1
Nf4 29. h6 gxh6 30. Ra2 Kh7 31. Qh4 Rcd8 32. Qxg5 hxg5 33. Ne3 Kg6 34. Rc2 c6
35. Nc4 Rh8 36. Kg3 f6 37. Na5 Rh7 38. Rh2 d5 39. exd5 cxd5 40. Rc2 Rdh8 41. a4
Rxh3+ 42. Bxh3 Rxh3+ 43. Kf2 Rh2+ 44. Ke3 Rxc2 45. Nxb7 g4 46. d4 Re2# 0-1

[Event "AUTO-MASTER-2509"]
[Site "http://www.queenalice.com/game.php?id=1468942"]
[Date "2017.3.15"]
[Round "2"]
[White "Angelo"]
[Black "sia"]
[Result "0-1"]
[WhiteElo "2162"]
[BlackElo "2035"]

1. e4 e5 2. Nf3 d6 3. Bc4 Bg4 4. d3 Nf6 5. O-O Be7 6. Nc3 O-O 7. Bd2 Nc6 8. a3
Nd4 9. Kh1 Qd7 10. Rg1 Nh5 11. Nd5 Bd8 12. c3 Nxf3 13. gxf3 Be6 14. f4 Nf6 15.
fxe5 dxe5 16. Bh6 Ng4 17. Bd2 Nxf2+ 18. Kg2 Nxd1 19. Raxd1 c6 20. Ne3 Bh3+ 21.
Kh1 b5 22. Bb3 Qxd3 23. Bc2 Qe2 24. Rg3 Be6 25. Rg2 Qh5 26. Nf5 g6 27. Re1 Bxf5
28. exf5 Bc7 0-1

[Event "AUTO-MASTER-2509"]
[Site "http://www.queenalice.com/game.php?id=1468945"]
[Date "2017.3.15"]
[Round "2"]
[White "Angelo"]
[Black "Harry28"]
[Result "0-1"]
[WhiteElo "2200"]
[BlackElo "2321"]

1. e4 e6 2. Nf3 d5 3. e5 c5 4. c3 Nc6 5. b3 Nge7 6. Bb2 Qc7 7. d4 Nf5 8. Bb5
cxd4 9. cxd4 Qa5+ 10. Nc3 Bb4 11. Bxc6+ bxc6 12. Qc2 Ba6 13. a3 Be7 14. b4 Qc7
15. Ne2 Bxe2 16. Qxe2 a5 17. O-O axb4 18. axb4 O-O 19. Bc3 Rab8 0-1

[Event "AUTO-MASTER-2509"]
[Site "http://www.queenalice.com/game.php?id=1468946"]
[Date "2017.3.15"]
[Round "2"]
[White "Harry28"]
[Black "Angelo"]
[Result "1-0"]
[WhiteElo "2329"]
[BlackElo "2192"]

1. e4 e5 2. d4 exd4 3. Qxd4 Nc6 4. Qe3 Nf6 5. Nc3 Be7 6. Bc4 O-O 7. Bd2 d6 8.
O-O-O a6 9. f3 Bd7 10. h4 b5 11. Bd5 Nxd5 12. Nxd5 Ne5 13. Qe1 Be6 14. Nxe7+
Qxe7 15. Kb1 c5 16. Bc3 Nc4 17. Qg3 f6 18. b3 1-0